Manuel Gm̤ez Morin, un gestor cultural en la etapa constructiva de la Revolucin̤ mexicana

Detalles Bibliográficos
Autor principal: Lara G., Carlos
Formato: eBook
Lenguaje:español
Publicado: Ciudad de Mx̌ico: Cm̀ara de Diputados, 2011
Materias:
Acceso en línea:Acceso restringido

MARC

LEADER 00000nam a22000007a 4500
005 20171122183512.0
007 cr|||| ||||
008 171122s2011 mx |||||s|||| 00||0 spa d
020 |a 978-607-401-479-2 
035 |a 20868 
040 |a vLex 
090 |c 7238  |d 7238 
100 1 |a Lara G., Carlos 
245 1 0 |a Manuel Gm̤ez Morin, un gestor cultural en la etapa constructiva de la Revolucin̤ mexicana  |h [Recurso electrn̤ico] /  |c Carlos Lara G. 
256 |a Servicio en ln̕ea 
260 |a Ciudad de Mx̌ico:  |b Cm̀ara de Diputados,  |c 2011 
300 |a 1 recurso electrn̤ico (218p.) 
506 1 |a Disponible solo en los productos indicados  |d vLex Global  |d vLex Global (Academic Edition, excluding Law Schools)  |d vLex Global (U.S. Academic Edition, Law Schools)  |d vLex Global (U.S. Academic Edition, excluding Law Schools)  |d vLex Global (Academic Edition, Law Schools) 
650 0 4 |a Ciencias sociales  |z Mx̌ico 
740 0 |a vLex Libros (Servicio en ln̕ea) 
856 4 0 |u http://vlex.com/source/manuel-gomez-morin-gestor-cultural-etapa-constructiva-revolucion-mexicana-20868  |z Acceso restringido 
942 |c BOOK 
999 0 |a Social sciences